00519cam a22001572 4500001001100000005001700011008004100028020001700069040001500086050001700101245012400118260003300242300001500275650004300290700002800333000000502720151217151950.0070605s xx 000 0 eng d a9298664644 : aKABUcKABU 0aT173.8b.I5610aInnovations in innovation :breflections on partnership, institutions and learning /cedited by A. J. Hall ... [et al.] aNew Delhi :bICRISAT,c2004. aix, 238 p. 0aTechnological innovations.@00000333631 aHall, A. J.@0000155514